000 00267nam a2200109Ia 4500
008 200302s9999 xx 000 0 und d
100 _aDonald J. Willcox
245 _aNew Design in Ceramics
260 _bVan Nostrand Renhold Company
260 _c1970
300 _a119 P.,
999 _c439
_d439